| 000 | 00439cam a2200181ua 4500 | ||
|---|---|---|---|
| 020 | _c.60 | ||
| 041 |
_amal _h |
||
| 082 |
_a894.812301 _bKUN/KA |
||
| 100 | _aKunhunnimenon, K K . | ||
| 245 |
_aKamalathintachan / _cK K Kunhunnimenon. _hTextual Documents |
||
| 250 |
_a3 / _b. |
||
| 260 |
_aChampakulam : _bB K M Book depot , _c1961. |
||
| 300 | _a52 ; . | ||
| 365 | _a.60 | ||
| 504 | _a | ||
| 942 | _cBK | ||
| 999 |
_c12576 _d12576 |
||